Бухгалтерский финансовый учет: учебник

Bibliografiske detaljer
Hovedforfatter: Анциферова И. В. Инна Викторовна
Summary:В учебнике рассмотрены вопросы организации, методологии и техники ведения финансового учета всех видов активов и обязательств, а также финансовых результатов деятельности коммерческих предприятий (организаций)|; приведены особенности формирования учетной политики организации по бухгалтерскому учету в соответствии с действующими в настоящее время законодательными и правовыми нормативными документами, инструкциями и положениями по бухгалтерскому учету. Для студентов экономических вузов.
Sprog:russisk
Udgivet: Москва, Дашков и К, 2011
Fag:
Format: MixedMaterials Bog
KOHA link:https://koha.lib.tpu.ru/cgi-bin/koha/opac-detail.pl?biblionumber=202332

MARC

LEADER 00000nam0a2200000 4500
001 202332
005 20231101225102.0
010 |a 9785394007545 
035 |a (RuTPU)RU\TPU\book\220489 
035 |a RU\TPU\book\121391 
035 |a RU\TPU\book\160690 
090 |a 202332 
100 |a 20070326d2011 m y0rusy50 ca 
101 0 |a rus 
102 |a RU 
105 |a y j 001zy 
200 1 |a Бухгалтерский финансовый учет  |e учебник  |f И. В. Анциферова 
210 |a Москва  |c Дашков и К  |d 2011 
215 |a 556 с. 
320 |a Библиогр.: с. 550-551. 
330 |a В учебнике рассмотрены вопросы организации, методологии и техники ведения финансового учета всех видов активов и обязательств, а также финансовых результатов деятельности коммерческих предприятий (организаций)|; приведены особенности формирования учетной политики организации по бухгалтерскому учету в соответствии с действующими в настоящее время законодательными и правовыми нормативными документами, инструкциями и положениями по бухгалтерскому учету. Для студентов экономических вузов. 
451 1 |0 (RuTPU)RU\TPU\book\121391  |y 5-94798-969-7  |t Бухгалтерский финансовый учет  |o учебное пособие для вузов  |f И. В. Анциферова  |g Московский городской институт управления Правительства Москвы  |e 2-е изд., перераб. и доп.  |c М.  |n Дашков и К  |d 2007  |p 800 с.  |a Анциферова, Инна Викторовна 
606 1 |a Бухгалтерский учет  |2 stltpush  |3 (RuTPU)RU\TPU\subj\30744  |9 53805 
610 1 |a экономика 
610 1 |a финансовый учет 
610 1 |a внеоборотные активы 
610 1 |a вложения 
610 1 |a затраты 
610 1 |a НИОКР 
610 1 |a основные средства 
610 1 |a амортизация 
610 1 |a лизинг 
610 1 |a переоценка 
610 1 |a инвентаризация 
610 1 |a нематериальные активы 
610 1 |a материалы 
610 1 |a оплата труда 
610 1 |a расчеты 
610 1 |a социальное страхование 
610 1 |a социальное обеспечение 
610 1 |a затраты на производство 
610 1 |a готовая продукция 
610 1 |a продажи 
610 1 |a товары 
610 1 |a финансовые вложения 
610 1 |a денежные средства 
610 1 |a кредиты 
610 1 |a займы 
610 1 |a финансовые результаты 
610 1 |a капитал 
610 1 |a учетная политика 
610 1 |a учебные пособия 
675 |a 657.22(075.8)  |v 3 
700 1 |a Анциферова  |b И. В.  |g Инна Викторовна 
801 1 |a RU  |b 63413507  |c 20111010 
801 2 |a RU  |b 63413507  |c 20150609  |g RCR 
900 |a Бухгалтерский финансовый учет 
942 |c BK 
953 |b 080100  |b 080300 
959 |a 89/20111010  |d 2  |e 297,00  |f ЧЗГЛ:1  |f АНЛ:1